| 000 | 00469nam a22001337a 4500 | ||
|---|---|---|---|
| 003 | SGT | ||
| 020 | _a9789384579593 | ||
| 082 |
_a891.4309 _bA17D |
||
| 100 | _aधामा, तेजपाल सिंह | ||
| 245 | _aअग्नि की लपेटे : महारानी पद्मिनी के आत्मबलिदान की गौरवगाथा | ||
| 260 |
_b अनिल प्रकाशन _c2017 |
||
| 300 | _a120 | ||
| 942 |
_2ddc _cBK |
||
| 999 |
_c30566 _d30566 |
||